|
|
|
|
| LEADER |
00000nam a22000007a 4500 |
| 005 |
20141008225418.0 |
| 007 |
cr|||| |||| |
| 008 |
141008s2008 es |||||s|||| 00||0 spa d |
| 020 |
|
|
|a 978-84-9031-995-6
|
| 035 |
|
|
|a 12418
|
| 040 |
|
|
|a vLex
|
| 090 |
|
|
|c 5193
|d 5193
|
| 100 |
1 |
|
|a Rebollo Delgado, Lucrecio
|
| 245 |
1 |
0 |
|a Vida privada y proteccin̤ de datos en la Unin̤ Europea
|h [Recurso electrn̤ico] /
|c Lucrecio Rebollo Delgado
|
| 256 |
|
|
|a Servicio en ln̕ea
|
| 260 |
|
|
|a Madrid:
|b Dykinson,
|c 2008
|
| 300 |
|
|
|a 1 recurso electrn̤ico
|
| 506 |
1 |
|
|a Disponible solo en los productos indicados
|d vLex Global
|d vLex Global (Academic Edition, excluding Law Schools)
|d vLex Global (U.S. Academic Edition, Law Schools)
|d vLex Global (U.S. Academic Edition, excluding Law Schools)
|d vLex Global (Academic Edition, Law Schools)
|
| 650 |
0 |
4 |
|a Proteccin̤ de datos
|z Espaą
|
| 740 |
0 |
|
|a vLex Libros (Servicio en ln̕ea)
|
| 856 |
4 |
0 |
|u http://vlex.com/source/vida-privada-proteccion-datos-union-europea-12418
|z Acceso restringido
|
| 942 |
|
|
|c BOOK
|
| 999 |
0 |
|
|a Privacy Policy
|